000 00605nam a2200205 i 4500
001 44617
003 ES-MaACL
005 20250930063050.0
007 t|
008 030321s1953 sp ||||1| spa d
100 1 _aClarasó, Noel,
_d1899-1985
_939003
245 1 0 _aPigmalión 1950
_b: novela rara /
_cpor Noel Clarasó.
250 _a[1ª ed.].
260 _aBarcelona :
_bJosé Janés,
_c1953 (
_fTip. Miguza)
300 _a226 p. ;
_c20 cm.
490 1 _aAl monigote de papel
830 0 _aAl monigote de papel
_9181405
852 _aES-MaACL
_jC-6085
_bR.34921
999 _c44617
_d44617